000 01919nam0a2200349 i 4500
001 RU\NLR\BIBL_A\010409629
005 20241115063413.0
010 _a9785799610777
_9150
021 _aRU
_b2014-32396
_91981
021 _aRU
_b2014-32396
_92287
035 _a(NILC)RuMoRGB-007487941
035 _a(NLR Aleph) 010409629
090 _a9748925
_c9748925
100 _a20140627d2013 um y0rusy50 ca
101 0 _arus
102 _aRU
105 _aa|||j||||00yy
200 1 _aСоциология молодежи
_eкурс лекций
_eучебное пособие для студентов, обучающихся по направлению подготовки 040700 "Организация работы с молодежью"
_fЮ. Р. Вишневский, Д. Ю. Нахов
_gМ-во образования и науки Российской Федерации, Уральский федеральный университет им. первого Президента России Б. Н. Ельцына, [Ин-т физической культуры, спорта и молодежной политики]
205 _a2-е изд., испр. и доп.
210 _aЕкатеринбург
_cИзд-во Уральского университета
_d2013
215 _a244, [1] с.
_cил., цв ил.
_d20
320 _aБиблиогр. в конце кн.
606 _aМолодежь
_jУчебные издания для высших учебных заведений
_xСоциологические исследования
_91630767
_3RU\NLR\AUTH\66720298
610 0 _aмолодежь
686 1 _aС550.325.1я73
700 1 _aВишневский
_bЮ. Р.
_f1938-
_gЮрий Рудольфович
701 1 _aНахов
_bД. Ю.
_gДмитрий Юрьевич
801 0 _aRU
_bРГБ
_c20140512
_gRCR
942 _cBOOK
980 _aNBR